MUDHRA OUR VITTH-SAMBATHI REPORT 1978-79 (Record no. 135424)

MARC details
000 -LEADER
fixed length control field 00488nam a2200169Ia 4500
003 - CONTROL NUMBER IDENTIFIER
control field OSt
005 - DATE AND TIME OF LATEST TRANSACTION
control field 20230110152405.0
008 - FIXED-LENGTH DATA ELEMENTS--GENERAL INFORMATION
fixed length control field 211109s9999||||xx |||||||||||||| ||und||
040 ## - CATALOGING SOURCE
Transcribing agency SBCL
082 ## - DEWEY DECIMAL CLASSIFICATION NUMBER
Classification number 332.178025
Item number RES-M
100 ## - MAIN ENTRY--PERSONAL NAME
Personal name Reserve Bank of India
245 #0 - TITLE STATEMENT
Title MUDHRA OUR VITTH-SAMBATHI REPORT 1978-79
260 ## - PUBLICATION, DISTRIBUTION, ETC.
Name of publisher, distributor, etc. Reserve Bank of India
Place of publication, distribution, etc. Mumbai
Date of publication, distribution, etc. 1982
630 ## - SUBJECT ADDED ENTRY--UNIFORM TITLE
General subdivision Post Graduate Reference
650 ## - SUBJECT ADDED ENTRY--TOPICAL TERM
Topical term or geographic name entry element Financial economics
-- Social science
942 ## - ADDED ENTRY ELEMENTS (KOHA)
Koha item type BOUND VOLUMES
650 ## - SUBJECT ADDED ENTRY--TOPICAL TERM
Form subdivision Economics
General subdivision Banking
Holdings
Withdrawn status Lost status Source of classification or shelving scheme Damaged status Not for loan Home library Current library Date acquired Cost, normal purchase price Total Checkouts Full call number Barcode Shelving location Date last seen Price effective from Koha item type
    Dewey Decimal Classification     SB LIBRARY SB LIBRARY 10/01/2023 250.00   332.178025 RES-M 00079144 PGR - BACK & BOUND VOLUMES 10/01/2023 10/01/2023 BOUND VOLUMES

Powered by Koha